00911nam a22002055i 4500001000700000003000900007005001700016008004100033040002000074100002200094245005500116260004600171300002600217597003000243650005500273752003100328852020000359999001900559952012700578163314ES-MaACL20250806052101.0050718s1782 xxk | |||||||| ||spa d aCAM bspa cCAM1 aRenny, G.913170512aA treatise on the veneral disease / cby G. Renny. aLondon : bprinted for J. Murray, c1782. aXV, 171 p. ; c21 cm. aSign.: []3, a5, B-L8, M6. 7aEnfermedades de transmisión sexual2embne912260 aGran Bretaña - dLondres aES-MaACLjR-1403 z-- Enc. hol. z-- Regalado al Ateneo de Madrid por la disuelta sociedad "Escolares médicos" "(firma)... " zDonativo del socio Dr. Jose M. de Aleos? x Olim: G-13030 c163314d163314 001040708LIBXVIIIaATENEOMbATENEOMcDEPOd2008-01-17eSSCl0oR-1403p1171136r2023-02-23 00:00:00w2023-02-23yMONANT